[Event "Indywidualne Mistrzostwa Polski Juniorow - C16"]
[Site "Szczyrk"]
[Date "2013-03-24"]
[Round "6.1"]
[White "Piotrowski, Przemyslaw"]
[Black "Jarmula, Lukasz"]
[Result "0-1"]
[WhiteTitle "I+"]
[BlackTitle "k"]
[WhiteElo "1996"]
[BlackElo "2164"]

1. e4 c5 2. Nf3 d6 3. d4 cxd4 4. Nxd4 Nf6 5. Nc3 a6 6. Be3 e5 7. Nf3 Qc7 8. Bg5
Nbd7 9. Nd2 b5 10. Bxf6 Nxf6 11. Nd5 Nxd5 12. exd5 Be7 13. c4 O-O 14. Be2 Bd7
15. O-O f5 16. Rc1 Qb6 17. Qb3 Bg5 18. Rc2 e4 19. cxb5 axb5 20. Nc4 Qb8 21. Na3
b4 22. Qg3 h6 23. h4 f4 24. Qh2 bxa3 25. hxg5 axb2 26. Rb1 Rxa2 27. Bf1 hxg5 28.
Qh5 g4 0-1

[Event "Indywidualne Mistrzostwa Polski Juniorow - C16"]
[Site "Szczyrk"]
[Date "2013-03-24"]
[Round "6.2"]
[White "Kaczmarek, Aleksander"]
[Black "Snihur, Piotr"]
[Result "1-0"]
[WhiteTitle "k"]
[BlackTitle "I++"]
[WhiteElo "2132"]
[BlackElo "2085"]

1. e4 c5 2. Nf3 d6 3. d4 cxd4 4. Nxd4 Nf6 5. Nc3 a6 6. h3 e6 7. g4 b5 8. a3 Bb7
9. Bg2 Nfd7 10. O-O g5 11. Nce2 h5 12. Ng3 hxg4 13. Qxg4 Be7 14. Nh5 Ne5 15. Qe2
Rh7 16. a4 b4 17. Bd2 Qb6 18. c3 bxc3 19. Bxc3 Nbd7 20. Rac1 Rc8 21. Ng3 Nc5 22.
a5 Qd8 23. Rcd1 Ng6 24. Bd2 Bf6 25. Be3 Nf4 26. Bxf4 gxf4 27. Nh5 Bxd4 28. Qg4
Rxh5 29. Qxh5 Bxb2 30. Qg4 e5 31. Qg8+ Ke7 32. Qg5+ Kd7 33. Qf5+ Ke8 34. Rb1 Bd4
35. Bf3 Rc7 36. Kh2 Bc8 37. Qh7 Qf6 38. Rb8 Kd7 39. Bh5 Ne6 40. Bxf7 Nf8 41. Be6+
Kxe6 42. Qxc7 Bd7 43. Qd8 Qxd8 44. Rxd8 Ke7 45. Rb8 Ng6 46. Rg1 Kf7 47. Rb7 Nf8
48. Rg5 Bxf2 49. Rf5+ Ke7 50. Rxf8 Kxf8 51. Rxd7 Be1 52. Rxd6 Bxa5 53. Rxa6 Bc3
54. Kg2 Kg7 55. Kf3 Bd4 56. Kg4 Bb2 57. h4 Bc3 58. h5 Bb4 59. h6+ Kh7 60. Kh5
f3 61. Rf6 Bd2 62. Rf7+ Kg8 63. Rxf3 Bf4 64. Kg6 Kh8 65. Ra3 1-0

[Event "Indywidualne Mistrzostwa Polski Juniorow - C16"]
[Site "Szczyrk"]
[Date "2013-03-24"]
[Round "6.3"]
[White "Gajek, Radoslaw"]
[Black "Chomczyk, Marek"]
[Result "1-0"]
[WhiteTitle "k"]
[BlackTitle "I+"]
[WhiteElo "2273"]
[BlackElo "1935"]

1. e4 e5 2. Nf3 Nc6 3. Bc4 Bc5 4. c3 Nf6 5. d3 d6 6. O-O a6 7. h3 O-O 8. Re1 h6
9. Nbd2 Ba7 10. Bb3 Re8 11. Nf1 Be6 12. Bc2 d5 13. Qe2 Qd7 14. Ng3 Rad8 15. Kh2
dxe4 16. dxe4 Qd6 17. Nh4 Ne7 18. Qf3 Kh7 19. Nhf5 Nxf5 20. Nxf5 Bxf5 21. Qxf5+
Kg8 22. Bb3 Qd7 23. Qg6 Kf8 24. Qg3 Qe7 25. Qf3 Nd7 26. Be3 Bxe3 27. fxe3 Qf6
28. Qe2 Qg6 29. Rf1 Nf6 30. Rf5 Re7 31. Rd1 Rd6 32. Rxd6 cxd6 33. Qc4 Kg8 34.
Bc2 Kh7 35. a4 Nd7 36. Qc7 Qe6 37. Qxb7 g6 38. Rf2 Nc5 39. Qd5 Qxd5 40. exd5 f5
41. b4 Nb7 42. Bd3 a5 43. Bb5 e4 44. g4 Rf7 45. gxf5 gxf5 46. Be8 Re7 47. Bh5
Re5 48. bxa5 Nxa5 49. Bf7 Nc4 50. Re2 Re7 51. Be6 Kg6 52. Kg3 Kf6 53. Kf4 Ne5
54. a5 Nd3+ 55. Kg3 Rg7+ 56. Kh2 Nc5 57. Ra2 Ra7 58. Kg3 Ke5 59. Kf2 f4 60. exf4+
Kxf4 61. Bg4 e3+ 62. Ke2 Nb3 63. Ra4+ Ke5 64. Kxe3 Rxa5 65. Re4+ Kf6 66. Re6+
Kg5 67. Rxd6 Rc5 68. Kd3 Nc1+ 69. Kc2 Na2 70. c4 Kf4 71. Kb3 Nc1+ 72. Kc3 Rc7
73. Rf6+ Ke5 74. Rf1 Na2+ 75. Kb3 h5 76. Bxh5 Kd4 77. Kxa2 1-0

[Event "Indywidualne Mistrzostwa Polski Juniorow - C16"]
[Site "Szczyrk"]
[Date "2013-03-24"]
[Round "6.4"]
[White "Eggink, Ryszard"]
[Black "Karwowski, Kacper"]
[Result "1/2-1/2"]
[WhiteTitle "I++"]
[BlackTitle "I"]
[WhiteElo "2080"]
[BlackElo "1946"]

1. e4 e5 2. Nf3 Nc6 3. Bb5 a6 4. Ba4 Nf6 5. O-O Nxe4 6. d4 b5 7. Bb3 d5 8. Nxe5
Nxe5 9. dxe5 Be6 10. c3 Bc5 11. Nd2 Nxd2 12. Bxd2 O-O 13. Bc2 Qh4 14. Qe2 d4 15.
b3 Rad8 16. Kh1 dxc3 17. Bxc3 Bd4 18. Bxd4 Rxd4 19. Qe3 Rfd8 20. f4 Bd5 21. Rae1
Bc6 22. e6 Qe7 23. Qh3 h6 24. Qf5 g6 25. Qg4 Rd2 26. exf7+ Qxf7 27. Bxg6 Qd7 28.
Bf5+ Qg7 29. Qxg7+ Kxg7 30. Be4 Bxe4 31. Rxe4 Rxa2 32. Re7+ Kf6 33. Rxc7 Rdd2
34. Rc6+ Kg7 35. f5 Rxg2 36. f6+ Kf8 37. Rc8+ Kf7 38. Rc7+ Kf8 39. Rc8+ Kf7 40.
Rc7+ Kf8 41. Rc8+ 1/2-1/2

[Event "Indywidualne Mistrzostwa Polski Juniorow - C16"]
[Site "Szczyrk"]
[Date "2013-03-24"]
[Round "6.5"]
[White "Lizak, Jakub"]
[Black "Sliwicki, Damian"]
[Result "1/2-1/2"]
[WhiteTitle "I"]
[BlackTitle "I"]
[WhiteElo "1893"]
[BlackElo "2028"]

1. e4 e5 2. Nf3 Nc6 3. Bb5 a6 4. Ba4 Nf6 5. O-O b5 6. Bb3 Bc5 7. c3 d6 8. d4 Bb6
9. a4 Rb8 10. axb5 axb5 11. Qd3 O-O 12. Bg5 h6 13. Bxf6 Qxf6 14. Qxb5 Bd7 15.
Bd5 exd4 16. Bxc6 dxc3 17. Bxd7 cxb2 18. Ra2 Bxf2+ 19. Rxf2 Rxb5 20. Bxb5 Rb8
21. Raxb2 c6 22. e5 Qf4 23. Bf1 Rxb2 24. Rxb2 dxe5 25. Rf2 Qb4 26. Nfd2 e4 27.
Bc4 e3 28. Rxf7 exd2 29. Nxd2 Kh8 30. Rf2 Qc3 31. g3 Qd4 32. Kg2 c5 33. h4 Kh7
34. Re2 Qc3 35. h5 Qd4 36. Bf7 g5 37. Bg6+ Kg7 38. Rf2 g4 39. Ne4 c4 40. Rf7+
Kh8 41. Rb7 Qe5 42. Rh7+ Kg8 43. Rd7 Qb2+ 44. Kf1 Qa1+ 45. Ke2 Qb2+ 46. Ke3 Qe5
47. Bf7+ Kh8 48. Bxc4 Qxe4+ 49. Kxe4 1/2-1/2

[Event "Indywidualne Mistrzostwa Polski Juniorow - C16"]
[Site "Szczyrk"]
[Date "2013-03-24"]
[Round "6.6"]
[White "Kucza, Karol"]
[Black "Tomaszewski, Kacper"]
[Result "1-0"]
[WhiteTitle "I+"]
[BlackTitle "I++"]
[WhiteElo "1886"]
[BlackElo "1961"]

1. e4 c5 2. Nf3 e6 3. d4 cxd4 4. Nxd4 a6 5. Bd3 Nc6 6. Nxc6 dxc6 7. Nd2 Qc7 8.
O-O e5 9. Nc4 b5 10. Ne3 Nf6 11. a4 Rb8 12. axb5 axb5 13. Qf3 Bd6 14. Nf5 Bxf5
15. Qxf5 Qd7 16. Qf3 O-O 17. Bg5 Qe6 18. Bxf6 Qxf6 19. Qxf6 gxf6 20. Ra6 Rfc8
21. Be2 Bc5 22. Bg4 Rc7 23. Rd1 Kg7 24. Kf1 b4 25. Rd3 Bd4 26. b3 h6 27. Ke2 Rd8
28. Rg3 Kf8 29. Rd3 Kg7 30. Bf5 Kf8 31. Rb6 Bxb6 32. Rxd8+ Kg7 33. Rb8 Bc5 34.
f3 Bg1 35. Rxb4 Bxh2 36. Rb8 c5 37. Kd3 Bg1 38. Kc4 Ra7 39. Bh3 Be3 40. c3 Bf2
41. b4 cxb4 42. cxb4 Rc7+ 43. Kd5 Ba7 44. Rd8 Be3 45. Rb8 Ba7 46. Rc8 Rb7 47.
Kc4 Bf2 48. b5 Bd4 49. Kb4 Bf2 50. Bf5 Be1+ 51. Kc4 Bf2 52. Ra8 Rc7+ 53. Kb3 Rb7
54. Ka4 Bb6 55. Rc8 Be3 56. Rd8 Bb6 57. Ra8 Bf2 58. Ka5 Be3 59. Bc8 Rc7 60. b6
Rc5+ 61. Ka4 Rc4+ 62. Kb3 Rxc8 63. Rxc8 Bxb6 64. g4 Be3 65. Kc4 Kg6 66. Rc7 Bf2
67. Rb7 Bh4 68. Kd5 Kg5 69. Kd6 Kf4 70. Rb3 Kg5 71. Ke7 h5 72. gxh5 Kxh5 73. Kxf7
Kg5 74. Rb6 f5 75. Ke6 fxe4 76. fxe4 Kf4 77. Kd5 Bd8 78. Re6 Bc7 79. Re7 Bb8 80.
Rb7 1-0

[Event "Indywidualne Mistrzostwa Polski Juniorow - C16"]
[Site "Szczyrk"]
[Date "2013-03-24"]
[Round "6.7"]
[White "Niekras, Dawid"]
[Black "Ulanowski, Karol"]
[Result "1-0"]
[WhiteTitle "I"]
[BlackTitle "I++"]
[WhiteElo "1956"]
[BlackElo "2118"]

1. e4 c5 2. Nf3 d6 3. d4 cxd4 4. Nxd4 Nf6 5. Nc3 a6 6. Bc4 e6 7. Bb3 Be7 8. O-O
O-O 9. Qf3 Qc7 10. Qg3 Re8 11. f4 b5 12. e5 dxe5 13. fxe5 Bc5 14. Be3 Nfd7 15.
Ne4 Nc6 16. Nxc6 Bxe3+ 17. Qxe3 Qxc6 18. Ng5 Rf8 19. Qd3 g6 20. Rae1 Bb7 21. Qh3
h5 22. Nxf7 Rxf7 23. Bxe6 Qc5+ 24. Qe3 Bd5 25. Qxc5 1-0

[Event "Indywidualne Mistrzostwa Polski Juniorow - C16"]
[Site "Szczyrk"]
[Date "2013-03-24"]
[Round "6.8"]
[White "Kulas, Szymon"]
[Black "Siedlanowski, Lukasz"]
[Result "1/2-1/2"]
[WhiteTitle "I++"]
[BlackTitle "I"]
[WhiteElo "2088"]
[BlackElo "1900"]

1. e4 c5 2. Nf3 Nc6 3. c3 d5 4. exd5 Qxd5 5. d4 Bg4 6. Be2 e6 7. O-O Nf6 8. Be3
cxd4 9. cxd4 Be7 10. Nc3 Qd6 11. Qb3 O-O 12. Rac1 Qb4 13. Qxb4 Nxb4 14. h3 Bf5
15. g4 Bd3 16. Bxd3 Nxd3 17. Rcd1 Nb4 18. a3 Nbd5 19. g5 Nd7 20. Nxd5 exd5 21.
Bf4 Rfc8 22. Rfe1 Bf8 23. Re2 Re8 24. Rc2 Rac8 25. Rdc1 Rxc2 26. Rxc2 Nb6 27.
b3 Rc8 28. Re2 Rc3 29. Kg2 f6 30. Re8 Rc8 31. Re2 Kf7 32. a4 Rc3 33. gxf6 gxf6
34. Re3 Bb4 35. Nh4 Nc8 36. Nf5 Rxe3 37. fxe3 Ke6 38. Ng7+ Kf7 39. Nf5 Ke6 40.
Ng3 Ne7 41. Nh5 a6 42. Kf3 Ng6 43. Bb8 Be7 44. Ke2 Bf8 45. Kd3 Kf5 46. Ng3+ Kg5
47. e4 dxe4+ 48. Kxe4 Ne7 49. Bf4+ Kh4 50. d5 Kxh3 51. d6 Nc6 52. Nh5 f5+ 53.
Kxf5 Bxd6 54. Bxd6 1/2-1/2

[Event "Indywidualne Mistrzostwa Polski Juniorow - C16"]
[Site "Szczyrk"]
[Date "2013-03-24"]
[Round "6.9"]
[White "Kowalski, Maciej"]
[Black "Kowalczyk, Mariusz"]
[Result "0-1"]
[WhiteTitle "I"]
[BlackTitle "I"]
[WhiteElo "1877"]
[BlackElo "1940"]

1. d4 d5 2. c4 dxc4 3. Nf3 Nf6 4. Nc3 e6 5. e4 c5 6. Bxc4 cxd4 7. Nxd4 a6 8. a4
Qc7 9. Qe2 Bc5 10. Nb3 Ba7 11. Bg5 Nbd7 12. Rc1 O-O 13. O-O Ne5 14. Bd3 Nxd3 15.
Qxd3 Ng4 16. Qh3 Nxf2 17. Rxf2 Bxf2+ 18. Kxf2 Qb6+ 19. Be3 Qxb3 20. Ne2 e5 21.
Qg3 Qe6 22. Rc5 Re8 23. Nc3 Qf6+ 24. Kg1 Be6 25. Rxe5 h6 26. Bd4 Qg6 27. Qf2 Rac8
28. h4 f6 29. Rc5 Rxc5 30. Bxc5 Bd7 31. Qd4 Bc6 32. Nd5 Qxe4 0-1

[Event "Indywidualne Mistrzostwa Polski Juniorow - C16"]
[Site "Szczyrk"]
[Date "2013-03-24"]
[Round "6.10"]
[White "Koitka, Jakub"]
[Black "Swiderski, Radoslaw"]
[Result "0-1"]
[WhiteTitle "I+"]
[BlackTitle "I+"]
[WhiteElo "2007"]
[BlackElo "1964"]

1. d4 Nf6 2. c4 c5 3. d5 e6 4. Nc3 exd5 5. cxd5 d6 6. e4 g6 7. Be2 Bg7 8. Nf3 O-O
9. O-O Re8 10. Qc2 Nbd7 11. Bf4 Qe7 12. Bd3 a6 13. a4 c4 14. Bxc4 Nxe4 15. Rfe1
Ndc5 16. Nxe4 Nxe4 17. Rxe4 Qxe4 18. Re1 Qxe1+ 19. Nxe1 Rxe1+ 20. Bf1 Bg4 21.
Bd2 Rd1 22. Bc3 Bxc3 23. bxc3 Re8 24. f3 Ree1 25. h3 Rxf1+ 26. Kh2 Bf5 27. Qb2
Rxd5 28. Qxb7 Rd2 29. h4 Rff2 30. Kg3 Rxg2+ 31. Kf4 Rh2 32. Qe7 h6 33. Qf6 Rxh4+
34. Ke3 Rd3+ 35. Ke2 Rh2+ 36. Ke1 Re3+ 37. Kd1 Bc2+ 38. Kc1 Bxa4 0-1

[Event "Indywidualne Mistrzostwa Polski Juniorow - C16"]
[Site "Szczyrk"]
[Date "2013-03-24"]
[Round "6.11"]
[White "Czerw, Dawid"]
[Black "Gierulski, Kamil"]
[Result "0-1"]
[WhiteTitle "I+"]
[BlackTitle "I"]
[WhiteElo "1947"]
[BlackElo "1856"]

1. d4 Nf6 2. c4 e5 3. dxe5 Ng4 4. Bf4 g5 5. Bg3 Bg7 6. Nf3 Nc6 7. Nc3 Ngxe5 8.
Nxe5 Nxe5 9. e3 d6 10. Be2 Be6 11. Qb3 Rb8 12. a4 O-O 13. O-O Qd7 14. Rad1 a6
15. Ne4 Qe7 16. f4 gxf4 17. exf4 Nc6 18. Bf2 b5 19. axb5 axb5 20. Ng5 h6 21. Nxe6
Qxe6 22. Qf3 bxc4 23. f5 Qe7 24. Qxc6 Qxe2 25. Rfe1 Qxb2 26. Qxc4 Qc3 27. Qg4
Rb4 28. Qe2 Qc4 29. Qe7 Be5 30. Be3 Qh4 31. Qxh4 Rxh4 32. Rc1 Bxh2+ 33. Kf2 Be5
34. Rxc7 Rb8 35. Kf3 Rh5 36. Kg4 Rh2 37. Kf3 Rb2 38. Rg1 Rb3 39. Re1 Rh4 40. g3
Rh3 41. Rg1 Rh5 42. Kg4 Rh2 43. Bf4 Kg7 44. Bxe5+ dxe5 45. Rd1 h5+ 0-1

[Event "Indywidualne Mistrzostwa Polski Juniorow - C16"]
[Site "Szczyrk"]
[Date "2013-03-24"]
[Round "6.12"]
[White "Delekta, Filip"]
[Black "Fronczak, Sebastian"]
[Result "0-1"]
[WhiteTitle "I+"]
[BlackTitle "II+"]
[WhiteElo "1934"]
[BlackElo "1825"]

1. e4 e6 2. d4 d5 3. Nc3 Bb4 4. Nge2 Nc6 5. a3 Ba5 6. e5 f6 7. f4 Nh6 8. b4 Bb6
9. Na4 fxe5 10. Nxb6 axb6 11. fxe5 Nf5 12. Bf4 O-O 13. Qd2 h6 14. c3 Bd7 15. Bg3
Qe7 16. Nf4 Qg5 17. Nh3 Qxd2+ 18. Kxd2 Nxg3 19. hxg3 Ra7 20. Kc2 Ne7 21. g4 Be8
22. Be2 Bg6+ 23. Kb2 Be4 24. Rh2 Raa8 25. g3 Bf3 26. Nf4 Bxe2 27. Rxe2 c6 28.
g5 hxg5 29. Nxe6 Rf3 30. g4 Ng6 31. Nxg5 Rg3 32. e6 Re8 33. Nf7 Nf4 34. Rh1 Rxe6
35. Rxe6 Nxe6 36. Ne5 Nf4 37. Re1 Rxg4 38. Kb3 Rg2 39. Nd7 b5 40. a4 Nd3 41. Rf1
bxa4+ 42. Ka3 b5 43. c4 dxc4 44. Nb8 c3 45. Nxc6 g6 46. Ne5 Nxe5 47. dxe5 Re2
0-1

[Event "Indywidualne Mistrzostwa Polski Juniorow - C16"]
[Site "Szczyrk"]
[Date "2013-03-24"]
[Round "6.13"]
[White "Mirski, Michal"]
[Black "Czajkowski, Adam"]
[Result "1/2-1/2"]
[WhiteTitle "I"]
[BlackTitle "I+"]
[WhiteElo "1895"]
[BlackElo "1923"]

1. e4 c5 2. Nc3 e6 3. Nge2 d5 4. exd5 exd5 5. d4 Be6 6. g3 Nc6 7. Bg2 Nf6 8. O-O
cxd4 9. Nxd4 Nxd4 10. Qxd4 Qa5 11. Bd2 Qc5 12. Be3 Qxd4 13. Bxd4 Be7 14. Rfe1
O-O 15. Bh3 Bb4 16. Bxe6 fxe6 17. Rxe6 Bxc3 18. bxc3 Ne4 19. Rb1 Rf7 20. Rb5 Rd7
21. Re5 Rad8 22. Kg2 b6 23. c4 dxc4 24. Bxb6 axb6 25. Rxe4 Rd2 26. Rxc4 Rf8 27.
Rf4 Rxf4 28. gxf4 Rxc2 29. Rxb6 Rxa2 30. Rb7 Ra3 31. f3 Ra2+ 32. Kg3 Ra5 33. Kg4
Ra6 34. f5 Rc6 35. h4 Ra6 36. Kg5 Rc6 37. Re7 Kf8 38. Re6 Rc5 39. h5 Kf7 40. Ra6
h6+ 41. Kg4 Rc4+ 42. Kg3 Rc5 43. Kg4 Rc4+ 44. f4 Rc7 45. Rg6 Rc5 46. f6 gxf6 47.
Rxh6 Kg7 48. Rg6+ Kf7 49. Kh4 Rc4 50. Kg3 Rc3+ 51. Kg4 Rc5 52. f5 Rc4+ 53. Kg3
Rc3+ 54. Kh4 Rc4+ 55. Rg4 Rxg4+ 56. Kxg4 1/2-1/2

[Event "Indywidualne Mistrzostwa Polski Juniorow - C16"]
[Site "Szczyrk"]
[Date "2013-03-24"]
[Round "6.14"]
[White "Filewicz, Przemyslaw"]
[Black "Maciejewski, Mikolaj"]
[Result "1-0"]
[WhiteTitle "I"]
[BlackTitle "II+"]
[WhiteElo "1751"]
[BlackElo "1733"]

1. e4 c5 2. Nf3 Nc6 3. d4 cxd4 4. Nxd4 Nf6 5. Nc3 e5 6. Nb3 d6 7. Be2 Be6 8. O-O
Be7 9. Kh1 O-O 10. f4 exf4 11. Bxf4 d5 12. exd5 Nxd5 13. Nxd5 Qxd5 14. Bf3 Qc4
15. Be2 Qd5 16. a3 Rad8 17. Qe1 Bf6 18. c4 Qd7 19. Rd1 Qe7 20. Qg3 Rxd1 21. Rxd1
Rd8 22. Bd6 Qe8 23. Nc5 Nd4 24. Ne4 Nxe2 25. Nxf6+ Kh8 26. Qh4 gxf6 27. Qxf6+
Kg8 28. Qg5+ Kh8 29. Be5+ 1-0

[Event "Indywidualne Mistrzostwa Polski Juniorow - C16"]
[Site "Szczyrk"]
[Date "2013-03-24"]
[Round "6.15"]
[White "Pawlowski, Maciej"]
[Black "Zebracki, Tomasz"]
[Result "1-0"]
[WhiteTitle "I"]
[BlackTitle "I"]
[WhiteElo "1716"]
[BlackElo "1951"]

1. e4 d5 2. exd5 Qxd5 3. Nc3 Qa5 4. Bc4 Nf6 5. Nge2 Nc6 6. d4 e5 7. d5 Nb4 8. Bg5
Bf5 9. Bb3 Ne4 10. Be3 O-O-O 11. a3 Nc6 12. O-O Ne7 13. Nxe4 Bxe4 14. c4 Nf5 15.
Bd2 Qb6 16. Bc2 Nd6 17. b4 c5 18. Be3 Bxc2 19. Qxc2 Ne8 20. Rfb1 Qc7 21. Nc3 a6
22. Na4 b5 23. Nxc5 Bxc5 24. bxc5 bxc4 25. Qxc4 Kd7 26. c6+ Ke7 27. Rb7 Qxb7 28.
cxb7 Nd6 29. Qc7+ Rd7 30. b8=Q Rxb8 31. Qxb8 h6 32. Bc5 1-0

[Event "Indywidualne Mistrzostwa Polski Juniorow - C16"]
[Site "Szczyrk"]
[Date "2013-03-24"]
[Round "6.16"]
[White "Madrawski, Krzysztof"]
[Black "Nun, Grzegorz"]
[Result "1-0"]
[WhiteTitle "II+"]
[BlackTitle "II+"]
[WhiteElo "1711"]
[BlackElo "1851"]

1. e4 c5 2. Nf3 d6 3. d4 cxd4 4. Nxd4 Nf6 5. Nc3 g6 6. Be3 Bg7 7. f3 O-O 8. Qd2
Nc6 9. Bc4 Bd7 10. O-O-O Ne5 11. Bb3 Qa5 12. h4 Rfc8 13. h5 Nc4 14. Bxc4 Rxc4
15. hxg6 fxg6 16. Nb3 Qc7 17. Bd4 Rc8 18. Kb1 Be6 19. g4 a5 20. Bxf6 Bxf6 21.
Nd5 Bxd5 22. Qxd5+ Kg7 23. g5 Bxg5 24. Qxg5 e5 25. Rdg1 Rxc2 26. Rxh7+ 1-0

[Event "Indywidualne Mistrzostwa Polski Juniorow - C16"]
[Site "Szczyrk"]
[Date "2013-03-24"]
[Round "6.17"]
[White "Buraczewski, Rafal"]
[Black "Molenda, Marcin"]
[Result "1/2-1/2"]
[WhiteTitle "I"]
[BlackTitle "I"]
[WhiteElo "1825"]
[BlackElo "1813"]

1. d4 d5 2. c4 c6 3. Nc3 Nf6 4. Bg5 e6 5. cxd5 cxd5 6. e3 Nc6 7. Nf3 Be7 8. Bd3
O-O 9. O-O Bd7 10. a3 Rc8 11. Rc1 Na5 12. Ne5 Nc4 13. Bxc4 dxc4 14. Qe2 b5 15.
Rfd1 Nd5 16. Bxe7 Nxc3 17. bxc3 Qxe7 18. d5 exd5 19. Rxd5 Qxa3 20. Qe1 Be6 21.
Rxb5 Rb8 22. Rxb8 Rxb8 23. Nc6 Rb7 24. Ra1 Qc5 25. Qd1 Bd7 26. Nd4 h6 27. Qc2
a5 28. h3 a4 29. Qa2 Rb6 30. Kf1 Rg6 31. Qe2 Qd5 32. Qf3 Qa5 33. Ra3 Qb6 34. Qd1
Qb7 35. Nf3 Rb6 36. Ra1 Bc6 37. Kg1 Bxf3 38. gxf3 a3 39. Qd8+ Kh7 40. Qd1 a2 41.
Qc2+ Rg6+ 42. Kf1 Qxf3 43. Rxa2 f5 44. Ra5 Qxh3+ 45. Ke2 Qg4+ 46. Ke1 Rf6 47.
Rc5 Kg6 48. Qe2 Qg1+ 49. Qf1 1/2-1/2

[Event "Indywidualne Mistrzostwa Polski Juniorow - C16"]
[Site "Szczyrk"]
[Date "2013-03-24"]
[Round "6.18"]
[White "Zadlo, Maciej"]
[Black "Kruszynski, Krzysztof"]
[Result "0-1"]
[WhiteTitle "I"]
[BlackTitle "II"]
[WhiteElo "1821"]
[BlackElo "1664"]

1. e4 e6 2. Nf3 d5 3. Nc3 Nf6 4. e5 Nfd7 5. d4 c5 6. dxc5 Nc6 7. Bf4 Bxc5 8. Bd3
f6 9. exf6 Qxf6 10. Bg5 Qf7 11. O-O O-O 12. Be3 Bxe3 13. fxe3 Qh5 14. e4 d4 15.
Nb5 Nf6 16. Qe1 e5 17. Bc4+ Kh8 18. Nd6 Bg4 19. Nxb7 Bxf3 20. gxf3 Nd7 21. Bd5
Ne7 22. Qe2 Rab8 23. Na5 Ng6 24. Kh1 Nf4 25. Qd2 Rf6 26. Rad1 Qh3 27. Rf2 Rg6
28. Bc4 Nh5 29. Rg1 Ng3+ 30. Rxg3 Rxg3 31. Bf1 Qh5 32. Be2 Rxb2 33. Qc1 Rb6 34.
f4 Qh4 35. Qf1 Rbg6 36. fxe5 Rg1+ 37. Qxg1 Rxg1+ 38. Kxg1 Qxe4 39. Bd3 Qe1+ 40.
Kg2 Qxa5 41. e6 Qd5+ 42. Kg1 Qxe6 43. Re2 0-1

[Event "Indywidualne Mistrzostwa Polski Juniorow - C16"]
[Site "Szczyrk"]
[Date "2013-03-24"]
[Round "6.19"]
[White "Mrozowski, Patryk"]
[Black "Drop, Szymon"]
[Result "1-0"]
[WhiteTitle "I"]
[BlackTitle "I"]
[WhiteElo "1723"]
[BlackElo "1818"]

1. e4 e5 2. Nf3 Nc6 3. Bc4 Nf6 4. d3 d6 5. c3 Be7 6. Bb3 O-O 7. Nbd2 a6 8. h3 Na5
9. Bc2 c5 10. Qe2 Nc6 11. g4 b5 12. Nf1 Rb8 13. Ng3 Be6 14. Be3 d5 15. Nf5 d4
16. Bg5 c4 17. O-O Bxf5 18. exf5 e4 19. dxe4 d3 20. Bxd3 Qxd3 21. Qxd3 cxd3 22.
Bxf6 gxf6 23. Rad1 Rfd8 24. Rd2 Rb7 25. Rfd1 Rbd7 26. Ne1 Ne5 27. b3 Bc5 28. Kg2
Nc6 29. Rxd3 Rxd3 30. Rxd3 Re8 31. Rd5 Ba3 32. Nc2 Bb2 33. Rd6 Rc8 34. Ne3 Bxc3
35. Nd5 Bb4 36. Nxf6+ Kg7 37. Nh5+ Kf8 38. Rh6 Kg8 39. Nf6+ Kg7 40. g5 Rh8 41.
Nh5+ Kf8 42. Rxc6 1-0

[Event "Indywidualne Mistrzostwa Polski Juniorow - C16"]
[Site "Szczyrk"]
[Date "2013-03-24"]
[Round "6.20"]
[White "Mazur, Bartlomiej"]
[Black "Smieszek, Wojciech"]
[Result "0-1"]
[WhiteTitle "I"]
[BlackTitle "I"]
[WhiteElo "1674"]
[BlackElo "1873"]

1. e4 c5 2. Nc3 Nc6 3. g3 g6 4. Bg2 e5 5. d3 Bg7 6. f4 d6 7. Nf3 Nge7 8. O-O O-O
9. fxe5 Nxe5 10. Nxe5 Bxe5 11. Bg5 f6 12. Bf4 Bd4+ 13. Kh1 Be6 14. Qc1 g5 15.
Be3 Be5 16. Ne2 Rc8 17. c3 d5 18. d4 cxd4 19. Bxd4 Qd6 20. Qe3 dxe4 21. Bxe4 Bd5
22. Rad1 Rce8 23. Kg1 Qe6 24. Bc5 Bxe4 25. Qxe4 b6 26. Ba3 Rd8 27. Qb4 Nc6 28.
Qa4 Rfe8 29. Nc1 Na5 30. Nd3 Nc4 31. Nxe5 Nxe5 32. Rd4 Rxd4 33. Qxd4 Qc6 34. Qf2
Kg7 35. Qd2 h5 36. Qd6 Qxd6 37. Bxd6 Nc4 38. Bb4 a5 39. Ba3 Nxa3 40. bxa3 Re2
41. Ra1 Rc2 42. c4 Rxc4 43. Rb1 Rc2 44. Rxb6 Rxa2 45. Rb3 a4 46. Rc3 Kg6 47. Rf3
g4 48. Rc3 f5 49. Kh1 Kg5 50. Kg1 h4 51. Rd3 h3 52. Rc3 Ra1+ 53. Kf2 Rh1 54. Ke3
Rxh2 55. Kd4 Rb2 0-1

[Event "Indywidualne Mistrzostwa Polski Juniorow - C16"]
[Site "Szczyrk"]
[Date "2013-03-24"]
[Round "6.21"]
[White "Smal, Tobiasz"]
[Black "Klimek, Piotr"]
[Result "0-1"]
[WhiteTitle "I"]
[BlackTitle "I"]
[WhiteElo "1915"]
[BlackElo "1789"]

1. Nf3 b5 2. g3 Bb7 3. Bg2 Nf6 4. O-O e6 5. b3 d5 6. Bb2 Be7 7. c4 bxc4 8. bxc4
c5 9. d4 O-O 10. Nbd2 Nbd7 11. Rc1 Rc8 12. Re1 Nb6 13. dxc5 Bxc5 14. cxd5 Nbxd5
15. Ne5 Bxf2+ 16. Kxf2 Qb6+ 17. e3 Qxb2 18. Nec4 Qb4 19. Rb1 Qe7 20. Qb3 Ba8 21.
Bf3 Nd7 22. Ne4 Rxc4 23. Qxc4 Ne5 24. Qe2 Nxf3 25. Qxf3 Nc3 26. Nf6+ Kh8 27. Ne4
Bxe4 28. Qf4 Bxb1 29. Qd4 Qf6+ 0-1

[Event "Indywidualne Mistrzostwa Polski Juniorow - C16"]
[Site "Szczyrk"]
[Date "2013-03-24"]
[Round "6.22"]
[White "Kindler, Przemyslaw"]
[Black "Choina, Adam"]
[Result "0-1"]
[WhiteTitle "I"]
[BlackTitle "II"]
[WhiteElo "1817"]
[BlackElo "1552"]

1. e4 e6 2. d4 d5 3. exd5 exd5 4. Bd3 Bd6 5. h3 Ne7 6. Qf3 Be6 7. Ne2 c6 8. O-O
Nd7 9. Bg5 h6 10. Bf4 Bxf4 11. Nxf4 O-O 12. Re1 Qb6 13. Qg3 Nf5 14. Bxf5 Bxf5
15. Qc3 Rfe8 16. Nd2 Nf6 17. Ne2 Ne4 18. Nxe4 Bxe4 19. Ng3 Bg6 20. f4 Be4 21.
Re3 f5 22. Rae1 Kf7 23. b3 Qc7 24. Rf1 Re6 25. Qd2 Kg8 26. Qf2 Rf8 27. c4 Qb6
28. cxd5 cxd5 29. Rc3 Rc6 30. Rfc1 Rfc8 31. Qe3 Qa5 32. Rxc6 Rxc6 33. Rxc6 bxc6
34. a4 Qb4 35. Kh2 Qd6 36. Ne2 Qb4 37. Ng1 Qa3 38. Qg3 Qb2 39. Nf3 Bxf3 40. Qxf3
Qxd4 41. Kg3 Qe4 42. Qc3 d4 43. Qc4+ Kh7 44. Qc1 Qd3+ 45. Kf2 Qxb3 46. Qxc6 Qe3+
47. Kf1 Qxf4+ 48. Kg1 Qe3+ 49. Kh2 d3 50. Qd5 Qf4+ 51. Kg1 Qe4 52. Qd7 a6 53.
Kh1 f4 54. Kg1 f3 55. gxf3 Qxf3 56. Kh2 Qe2+ 57. Kg1 Qd1+ 58. Kf2 Qc2+ 59. Ke3
d2 60. Qxd2 Qxd2+ 61. Kxd2 g5 62. a5 Kg6 63. Kd3 Kf5 64. Kd4 h5 65. Kc5 g4 66.
hxg4+ hxg4 67. Kb6 g3 68. Kxa6 g2 69. Kb7 g1=Q 70. a6 Qg7+ 71. Ka8 Qf8+ 72. Kb7
Qe7+ 73. Kb6 Qb4+ 74. Kc7 Qa5+ 75. Kb7 Qb5+ 0-1

[Event "Indywidualne Mistrzostwa Polski Juniorow - C16"]
[Site "Szczyrk"]
[Date "2013-03-24"]
[Round "6.23"]
[White "Gladysz, Jakub"]
[Black "Rosicki, Marcin"]
[Result "1-0"]
[WhiteTitle "II+"]
[BlackTitle "I"]
[WhiteElo "1798"]
[BlackElo "1722"]

1. d4 Nf6 2. c4 c5 3. d5 b5 4. cxb5 a6 5. e3 g6 6. Nc3 Bg7 7. Nf3 O-O 8. a4 e6
9. Bc4 Bb7 10. bxa6 Bxa6 11. Bxa6 Nxa6 12. O-O Qb6 13. e4 Nb4 14. h3 exd5 15.
e5 Ne8 16. Nxd5 Qe6 17. Nxb4 cxb4 18. Bd2 Rb8 19. Qe1 Qb3 20. Bf4 Nc7 21. e6 Nxe6
22. Bxb8 Rxb8 23. Qd2 Qxb2 24. Qd6 Rb7 25. Rab1 Qa3 26. Qa6 Rb8 27. Qa7 Rd8 28.
a5 b3 29. Qe3 Nc5 30. Nd2 Qxa5 31. Nxb3 Nxb3 32. Rxb3 Qe5 33. Qb6 Re8 34. Re3
Qb8 35. Qxb8 Rxb8 36. Rd3 Rb7 37. Rfd1 Be5 38. Rxd7 Rxd7 39. Rxd7 Kg7 40. Kf1
Kf6 41. Ke2 Ke6 42. Rb7 h5 43. Ke3 Ba1 44. Rb6+ Ke5 45. Kd3 Kd5 46. Ra6 Be5 47.
Ra5+ Ke6 48. Kc4 h4 49. Ra6+ Kf5 50. Kd5 Bb8 51. Ra3 g5 52. Rb3 Bh2 53. Rf3+ Kg6
54. g3 g4 55. Rf4 gxh3 56. Rxh4 Bg1 57. f4 h2 58. g4 Bf2 59. Rxh2 Bg3 60. f5+
Kg5 61. Rh7 Kf6 62. Ke4 Be1 63. g5+ Kxg5 64. Rxf7 Bc3 65. Kd5 Ba1 66. Ke6 Bb2
67. Rf8 Ba1 68. Rg8+ Kh6 69. f6 Kh7 70. Rg2 Bd4 71. f7 Bc5 72. Kf6 Bd4+ 73. Ke7
Bc5+ 74. Ke8 Bf8 75. Kxf8 1-0

[Event "Indywidualne Mistrzostwa Polski Juniorow - C16"]
[Site "Szczyrk"]
[Date "2013-03-24"]
[Round "6.24"]
[White "Krawiecki, Stanislaw"]
[Black "Szeglowski, Tomasz"]
[Result "0-1"]
[WhiteTitle "II"]
[BlackTitle "I"]
[WhiteElo "1632"]
[BlackElo "1801"]

1. e4 c5 2. Nc3 Nc6 3. g3 g6 4. Bg2 Bg7 5. d3 Nf6 6. Be3 d6 7. h3 O-O 8. Qd2 a6
9. Nge2 Rb8 10. Bh6 b5 11. Bxg7 Kxg7 12. f4 e5 13. g4 exf4 14. Nxf4 Nd4 15. O-O-O
Qa5 16. Kb1 b4 17. Ncd5 Nb5 18. Ka1 Nxd5 19. Nxd5 Be6 20. Qf2 Bxd5 21. exd5 Nd4
22. h4 b3 23. cxb3 Nxb3+ 24. Kb1 Nd4 25. h5 h6 26. Rd2 g5 27. Be4 Qd8 28. Rf1
a5 29. Qg3 a4 30. Rdf2 a3 31. Qh2 Qb6 32. Re1 Rb7 33. Rd2 Rfb8 34. Qg2 Qa5 35.
Qh2 Rxb2+ 0-1